000 00658nam a2200205Ia 4500
003 GCL
008 140319s9999 xx 000 0 ara d
020 _a4100314977
040 _aGCL /
_cGCL
082 0 4 _aق
_b737.4932
_bر ن
100 1 _aرافت محمد النبراوى
245 1 0 _aالنقود الصليبية فى الشام ومصر /
_cرافت محمد النبراوى
260 _aالقاهرة :
_bدار القاهرة ،
_c2001
300 _a327 ص ؛
_c24 سم
650 0 4 _aالنقود - مصر
650 0 4 _aالنقود الصليبية
650 0 4 _aالنقود - الشام
650 0 4 _aالعملات
942 _2ddc
_cBK
999 _c6363
_d6363